00738nam a2200205Ia 4500008004100000020001800041041000800059082001600067100002000083245001900103260003900122300000900161440006800170500005000238650002500288700002000313906000700333999001700340952017500357230125s9999 xx 000 0 und d a1-84112-203-3 aeng a658.15bGOU aGough L9109819 aGlobal Finance c2002bCapstone publicationaLondon a118p aEssential Management Thinking At Your Fingertips Series9107434 aGlobalization;Series Book;Finance Series Book aFinancial Management aGough L9109819 b24 c86501d86501 00104070aHIMRbHIMRd2003-04-28eThe Word Book Shopg160.00i15931l1o658.15 GOU B03401pHIMR-BK-3401r2024-01-08 00:00:00s2023-09-12v136.00w2003-04-10yBKzB03401